| 000 | 00642nam a22002417a 4500 | ||
|---|---|---|---|
| 999 |
_c10526 _d10526 |
||
| 001 | 10526 | ||
| 003 | BD-JhCC | ||
| 005 | 20180430192055.0 | ||
| 008 | 180430b1964 as ||||| |||| 00| 0 eng d | ||
| 020 | _a822004615 | ||
| 035 | _a(BD-JhCC)10526 | ||
| 040 |
_aBD-JhCC _dBD-JhCC |
||
| 041 | _aeng | ||
| 082 |
_a813.52 _bJAM 1964 |
||
| 100 | _aJames L Roberts | ||
| 245 |
_aA farewell to arms; notes / _cJames L Roberts |
||
| 260 |
_aLincoln : _bNeb., Cliff's Notes, _c1966. |
||
| 300 |
_a61 p. : _c22 cm. |
||
| 650 | _aFarewell to arms (Hemingway, Ernest) | ||
| 650 | _aHemingway, Ernest, 1899-1961 | ||
| 942 |
_2ddc _cBK |
||